000 01970nam a2200385 i 4500
001 4710
003 KOSZ 005
005 20200522125158.0
008 200522s1992 pl f 000 0 pol
040 _cKOSZ 005
_aKOSZ 005
_dKOSZ 005/AR
080 _a629.33
080 _a629.33.02
080 _a629.33.07
080 _a629.33.083
245 0 0 _aVW Golf/Jetta/GTl/16V :
_b1,6 l/55 kW (75 KM) od września 1983, 1,8 l/66 kW (90 KM) od lutego 1984, 1,8 l/82 kW (112 KM) od lutego 1984, 1,8 l/102 kW (139 KM) od sierpnia 1985. Modele z katalizatorami : 1,6 l/51 kW (70 KM) od lutego 1987, 1,6 l/53 kW (72 KM) od kwietnia 1986, 1,8 l/62 kW (85 KM) od września 1986, 1,8 l/66 kW (90 KM) od lutego 1984, 1,8 l/72 kW (98 KM) od sierpnia 1988, 1,8 l/77 KW (105) KM od stycznia do lipca 1985, 1,8 l/79 kW (107 KM), z katalizatorem/bez katalizatora od września 1985 : 1,8 l/95 KW (129 KM) od marca 1986, 1,8 l/kW (160 KM) od lutego 1989.
246 1 4 _a VW Golf, VW Jetta :
_bVW Golf/GTl/16V/SYNCRO 70/72/75/85/90/98/105/107/112/129/139/160 PS ab Sept. '83, VW Jetta/GT/16/16V 70/72/75/85/90/98/105/107/112/129/139 PS ab Febr. '84
260 _aBiałystok :
_bWydawnictwo "Rondo" sp. zo.o.,
_c1992.
300 _a140, [2] strony :
_bilustracje ;
_c29 cm.
336 _aTekst
_btxt
_2rdacontent
337 _aBez urządzenia pośredniczącego
_bn
_2rdamedia
338 _aWolumin
_bnc
_2rdacarrier
380 _aKsiążka
380 _aPublikacje fachowe
388 _a1901-2000
388 _a1989-2000
490 1 _aBudowa, Eksploatacja, Naprawa
650 _aSamochody osobowe
650 _aVolkswagen Golf
650 _aVolkswagen Jetta
658 _aInżynieria i technika
710 _4pbl
_aWydawnictwo "Rondo"
830 0 _aBudowa, Eksploatacja, Naprawa - Wydawnictwo "Rondo"
856 _uhttp://koha.tu.koszalin.pl/cgi-bin/koha/opac-detail.pl?biblionumber=4710
_yKatalog online BPK
942 _cKS
_2UKD
999 _c4710
_d4710